Générique Magical Doremi - Paroles - Statistiques

Statistiques générales
  • Ce quiz a été pris 74 fois
  • Le résultat moyen est 17 sur 22
Statistiques - réponses
Paroles % Correct
C'est comme {ça}
94%
Grigri, Bâton {magique}
94%
Naturellement que {Doremi}
94%
Doremi {Magique}
85%
Doremi {Magique}
85%
Doremi {Magique}
85%
C'est rigolo de {jouer}
82%
De la {fée} Lili
82%
Pour changer le cours du {temps}
82%
Vit dans le {fantastique}
82%
Y'a parfois des retours de {bâton}
78%
{Doremi}
75%
Pour {finir} par Pépélato
74%
Avec les mots de la {formule}
72%
Doremi retient le {temps}
71%
Elle tire à bout {portant}
71%
C'est amusant pour {Doremi}
69%
Quand le sort devient {génant}
69%
Dans l'univers {étrange}
68%
Mais {attention} au Craccordéon
66%
Tant de {pouvoirs}
65%
D'avoir d'un coup, d'un {seul}
63%
Aucun quiz correspondant
Distribution des résultats
% des personnes avec chaque résultat
Percentile par nombre de réponses
Votre historique - résultats
Vous n’avez pas pris ce quiz